| 000 -CABECERA |
| Longitud fija campo de control |
00738nam a22002177a 4500 |
| 003 - IDENTIFICADOR DEL NÚMERO DE CONTROL |
| Identificador del número de control |
OSt |
| 005 - FECHA Y HORA DE LA ÚLTIMA TRANSACCIÓN |
| Fecha y hora de la última transacción |
20130603121430.0 |
| 008 - CÓDIGOS DE INFORMACIÓN DE LONGITUD FIJA |
| Códigos de información de longitud fija |
130603s2006 sp ||||| |||| 00| 0 d |
| 020 ## - NÚMERO INTERNACIONAL NORMALIZADO PARA LIBROS |
| Número Internacional Normalizado para Libros (ISBN) |
9788498203912 |
| 040 ## - FUENTE DE LA CATALOGACIÓN |
| Centro transcriptor |
CDMR |
| 110 2# - PUNTO DE ACCESO PRINCIPAL-NOMBRE DE ENTIDAD CORPORATIVA |
| 9 (RLIN) |
3184 |
| Nombre de entidad corporativa o nombre de jurisdicción como elemento inicial |
Cases i Associats |
| 245 10 - MENCIÓN DE TÍTULO |
| Título |
Diseño de la noticia |
| Resto del título |
: proyectos 2004-2006 |
| Mención de responsabilidad, etc. |
Cases i Associats |
| 260 ## - PUBLICACIÓN, DISTRIBUCIÓN, ETC. (PIE DE IMPRENTA) |
| Lugar de publicación, distribución, etc. |
[Barcelona] |
| Nombre del editor, distribuidor, etc. |
Sol90 |
| Fecha de publicación, distribución, etc. |
DL 2006 |
| 300 ## - DESCRIPCIÓN FÍSICA |
| Extensión |
297 p. |
| Otras características físicas |
il. col. |
| 500 ## - NOTA GENERAL |
| Nota general |
A la coberta: Directores de 26 periódicos de 14 países dan su visión sobre el diseño de la información |
| 500 ## - NOTA GENERAL |
| Nota general |
Text en castellà i anglès |
| 610 2# - PUNTO DE ACCESO ADICIONAL DE MATERIA - NOMBRE DE ENTIDAD CORPORATIVA |
| 9 (RLIN) |
3184 |
| Nombre de entidad corporativa o nombre de jurisdicción como elemento inicial |
Cases i Associats |
| 650 04 - PUNTO DE ACCESO ADICIONAL DE MATERIA - TÉRMINO DE MATERIA |
| 9 (RLIN) |
1840 |
| Término de materia o nombre geográfico como elemento inicial |
Diaris |
| Subdivisión de materia general |
Disseny |
| 650 04 - PUNTO DE ACCESO ADICIONAL DE MATERIA - TÉRMINO DE MATERIA |
| 9 (RLIN) |
311 |
| Término de materia o nombre geográfico como elemento inicial |
Empreses periodístiques |
| Subdivisión de materia general |
Directius |
| Subdivisión de forma |
Intervius |
| 942 ## - ENTRADA DE ELEMENTOS AGREGADOS (KOHA) |
| Fuente de clasificaión o esquema |
|
| Koha [por defecto] tipo de item |
Monografies |